Statistics for Cinderella (1950 film) Characters Quiz

Click here to take the quiz!

General Stats

  • This quiz has been taken 112 times
  • The average score is 5 of 7

Answer Stats

DescriptionCharacters% Correct
A princess who has been turned into a housemaid by her evil stepmotherCinderella
99%
The woman who transforms Cinderella into a beautyFairy Godmother
88%
The fat mouse who wears yellowGus
85%
The man who searches for Cinderella to try on the glass slipperPrince Charming
77%
The mouse who wears redJaq
63%
Cinderella's evil stepmotherLady Tremaine
60%
One of the three miceBruno
3%

Score Distribution

Percentile by Number Answered

Percent of People with Each Score

Your Score History

You have not taken this quiz